000 00255nam a2200109Ia 4500
008 220204s9999 xx 000 0 und d
082 _a82-3
_bMAC
100 _aMacDonald, John D
245 0 _aOne fearful yellow eye
260 _aLondon
_c1976
942 _cBK
999 _c33784
_d33784